00702nam a2200229Ia 450000500170000000800460001703700110006304000080007404000080008204000080009004100080009804100080010608400080011410000560012224500660017826000090024430000100025370000930026394200070035699900210036395200880038420260430150009.0008 250103s9999 xx 000 0 eng d aTheses aCRL beng ceng 2eng aeng qCRL aPandey Srikant Au.; Chakrabarty Bidyut Gu.91236152 0aIndian Party System in Coalition in coalition Era (1999-2014) c2021 a280p. aUniversity of Delhi. Faculty of Social Sciences. Department of Political Science9520505 cTH c1848688d1848688 00104070aCRLbCRLd2026-04-30l0pTH0025636r2026-04-30 15:00:09w2026-04-30yTH